|
|
|
|
| LEADER |
00000nam a2200000 4500 |
| 005 |
20120907140448.0 |
| 007 |
cr|||| |||| |
| 008 |
041221s2004 sp 100 0 spa d |
| 020 |
|
|
|a 8473511638
|
| 035 |
|
|
|a 6612
|
| 040 |
|
|
|a UCAR
|d BUS
|d vLex
|
| 080 |
|
|
|a 351.712.2(4-672 U.E.)(063)
|
| 090 |
|
|
|c 3399
|d 3399
|
| 111 |
2 |
|
|a Congreso Luso-Hispano de Profesores de Derecho Administrativo
|n (5ð.
|c Barcelona.
|d 2002)
|
| 245 |
1 |
3 |
|a La contratacin̤ pb︢lica en el horizonte de la integracin̤ europea
|h [Recurso electrn̤ico] /
|c V Congreso Luso-Hispano de Profesores de Derecho Administrativo.
|
| 256 |
|
|
|a Servicio en ln̕ea
|
| 260 |
|
|
|a Madrid :
|b Instituto Nacional de Administracin̤ Pb︢lica,
|c 2004.
|
| 300 |
|
|
|a 1 recurso electrn̤ico
|
| 490 |
1 |
|
|a Informes y documentos / Instituto Nacional de Administracin̤ Pb︢lica.
|
| 506 |
1 |
|
|a Contenido solo disponible en los productos indicados
|d vLex Global
|d vLex Global (Academic Edition, excluding Law Schools)
|d vLex Global (U.S. Academic Edition, Law Schools)
|d vLex Global (U.S. Academic Edition, excluding Law Schools)
|d vLex Global (Academic Edition, Law Schools)
|
| 546 |
|
|
|a Ponencias en espaǫl y portuguš.
|
| 650 |
0 |
4 |
|a Contratos administrativos
|z Pas̕es de la Unin̤ Europea
|x Congresos.
|
| 740 |
0 |
|
|a vLex Libros (Servicio en ln̕ea)
|
| 810 |
2 |
|
|a Instituto Nacional de Administracin̤ Pb︢lica (Espaą).
|t Informes y documentos.
|
| 856 |
4 |
0 |
|u http://vlex.com/source/contratacion-publica-horizonte-integracion-europea-6612
|z Acceso restringisdo
|
| 942 |
|
|
|c BOOK
|
| 999 |
0 |
|
|a Contracts (International law)
|